000 00526nam a2200169 i 4500
001 150633
003 ES-MaACL
005 20240607063000.0
007 t|
008 071031s1986 sp ||||1| spa d
100 1 _aValente, José Ángel,
_d1929-2000
_9112590
245 1 0 _aNueve poemas /
_cJosé Angel Valente.
260 _aGranada :
_bUniversidad, Aula de Poesía,
_c1986.
300 _aXVII p. ;
_c20 cm.
852 _aES-MaACL
_j2143-F-1
_bR.114703
_q. - Ded. autóg. del autor
999 _c150633
_d150633